| 000 | | | 05194cfm2a2200000#x 450 |
| 001 | | | 65f7cad6-84e4-4ac0-9898-3bb4a307f75d |
| 005 | | | 20240621141458.0 |
| 100 | ## | $a | 20150710l18641864k l0rusy0189 ca |
| 101 | 0# | $a | rus |
| 102 | ## | $a | RU |
| 200 | 1# | $a | Карта Усть-Сысольского уезда Вологодской губернии |
| | $j | [1864] г. |
| 251 | ## | $c | Дело |
| 801 | #0 | $a | RU |
| | $b | РГИА |
| | $c | 20150710 |
| 801 | #1 | $a | RU |
| | $b | ГлавНИВЦ |
| | $c | 20150710 |
| | $2 | rusmarc |
| 801 | #2 | $a | RU |
| | $b | ПБ им. Б.Н. Ельцина |
| | $c | 20151218 |
| | $g | RCR |
| | $2 | rusmarc |
| 850 | ## | $a | Федеральное казенное учреждение "Российский государственный исторический архив" |
| 852 | ## | $a | РГИА |
| | $j | 47 |
| 937 | ## | $h | РГИА |
| | $d | 12153488 |
| | $a | ASBIBLIO_SCAN |
| 462 | #0 | $1 | 001dcd89104-8d20-40fa-811e-bb92fb080979 |
| | $1 | 2001 |
| | $a | Карты, планы и чертежи Петербургского сенатского архива за 1732-1917 гг. |
| | $v | Д. 47 |
| | $1 | 251 |
| | $c | Опись |
| | $1 | 852 |
| | $j | 1 |
| 461 | #0 | $1 | 001ac81bd0a-ee7e-4d64-837e-48e7e073b90f |
| | $1 | 2001 |
| | $a | Карты, планы и чертежи Петербургского Сенатского архива (коллекция) |
| | $1 | 251 |
| | $c | Фонд |
| | $1 | 852 |
| | $j | 1399 |
| 215 | ## | $a | 1 лист |
| | $c | карт. |
| | $d | 54х43,5 см |
| 371 | ## | $a | Документ не является опубликованным и широко распространяемым |
| 105 | ## | $a | b### |
| 122 | 0# | $a | d1864###### |
| 035 | ## | $a | 65f7cad6-84e4-4ac0-9898-3bb4a307f75d |
| 120 | ## | $a | baa |
| 121 | ## | $a | a aaaa a |
| 123 | 1# | $a | a |
| 124 | ## | $a | a |
| | $b | d |
| 206 | ## | $b | В одном английском дюйме 30 верст |
| 300 | ## | $a | Бумага. Тушь, карандаш, акварель |
| 300 | ## | $a | Рукописный текст. Чернила |
| 300 | ## | $a | В папке |
| 605 | ## | $2 | acquisition_Prlib |
| | $3 | LIBNET\UAF\0000019656 |
| | $a | Республика Коми: страницы истории |
| | $l | коллекция |
| 605 | ## | $2 | acquisition_Prlib |
| | $3 | DITM\AF\0000004675 |
| | $a | Территория |
| | $l | коллекция |
| 607 | ## | $2 | nlr_sh |
| | $3 | RU\NLR\AUTH\6601670779 |
| | $a | Усть-Сысольский уезд (Вологодская губерния) |
| | $j | Карты |
| 617 | ## | $2 | prlib_sh |
| | $c | Вологодская губерния |
| 686 | ## | $2 | rubbk |
| | $a | 63.3(28-8Вол)52я64 |
| | $v | LBC/M |